| 000 | 01008cab a2200265 4500 | ||
|---|---|---|---|
| 001 | ABS46762 | ||
| 008 | 090401t1992 xxu||||| |||| 00| 0 eng d | ||
| 035 | _a(Sirsi) u59440 | ||
| 041 | _aeng | ||
| 100 | _aGlover, P.M.L. | ||
| 245 | _aFarm shop workers: employed in agriculture? | ||
| 260 | _c1992 | ||
| 350 | _a0 | ||
| 490 |
_aSolicitors` Journal _v136(29) 24 July 1992, 728-729(2) |
||
| 520 | _aConsiders the security of tenure of farm shop workers provided with accommodation by their farmer employers. Considers whether or not such employees are engaged in agricuture as defined by the Rent (Agriculture) Act 1976 s1. Refers to recent County Court decision "Baird v Newell" | ||
| 650 | _aASSURED AGRICULTURAL OCCUPIERS | ||
| 650 | _aFARM SHOPS | ||
| 650 | _aFARM WORKERS | ||
| 650 | _aHOUSING ACT 1988 SCHED 3 | ||
| 650 | _aPROTECTED TENANCIES | ||
| 650 | _aRENT (AGRICULTURE) ACT 1976 S1 | ||
| 690 | _aLANDLORD AND TENANT-AGRICULTURAL TENANCIES | ||
| 942 | _n0 | ||
| 948 | _c04/03/1997 | ||
| 999 |
_c36471 _d36471 |
||